On certain unitary representations of an infinite group of transformations

The physics course benefitted from the mathematical expertise of the lecturer, which is also apparent in this thesis. Without his own research as scaffolding, Van Hove could not have built the short and beautiful course which provided the participants with a solid, useful foundation in modern physic...

全面介绍

Đã lưu trong:
书目详细资料
主要作者: Hove, L. van
格式: 图书
语言:Undetermined
出版: Singapore World Scientific 2001
主题:
标签: 添加标签
没有标签, 成为第一个标记此记录!
Thư viện lưu trữ: Trung tâm Học liệu Trường Đại học Cần Thơ
LEADER 01180nam a2200205Ia 4500
001 CTU_210754
008 210402s9999 xx 000 0 und d
020 |c 33.00 
082 |a 512.22 
082 |b H845 
100 |a Hove, L. van 
245 0 |a On certain unitary representations of an infinite group of transformations 
245 0 |c by Léon van Hove ; translated by, Marcus Berg , Cécile DeWitt-Morette 
260 |a Singapore 
260 |b World Scientific 
260 |c 2001 
520 |a The physics course benefitted from the mathematical expertise of the lecturer, which is also apparent in this thesis. Without his own research as scaffolding, Van Hove could not have built the short and beautiful course which provided the participants with a solid, useful foundation in modern physics.The lecture notes are in French. If they had been in English they would have been published together with the translation of the thesis. The first three pages of the notes are reproduced at the end of this book. 
650 |a Phép biến đổi (Toán học),Transformations (Mathematics) 
904 |i Qhieu 
980 |a Trung tâm Học liệu Trường Đại học Cần Thơ